Statistics for NBA 75th Anniversary Team

Click here to take the quiz!

General Stats

  • This quiz has been taken 10 times
  • The average score is 34 of 50

Answer Stats

Answer% Correct
1Michael Jordan
100%
1Bill Russell
89%
1David Robinson
89%
1George Gervin
89%
1Hakeem Olajuwon
89%
1John Havlicek
89%
1John Stockton
89%
1Kareem Abdul-Jabbar
89%
1Karl Malone
89%
1Magic Johnson
89%
1Moses Malone
89%
1Patrick Ewing
89%
1Walt Frazier
89%
1Bob Cousy
78%
1Clyde Drexler
78%
1Dirk Nowitzki
78%
1Elvin Hayes
78%
1George Mikan
78%
1Isiah Thomas
78%
1Jerry West
78%
1Kevin Garnett
78%
1Larry Bird
78%
1Oscar Robertson
78%
1Scottie Pippen
78%
1Wes Unseld
78%
1Wilt Chamberlain
78%
1Allen Iverson
67%
1Bill Walton
67%
1Bob Pettit
67%
1James Worthy
67%
1Kevin McHale
67%
1Sam Jones
67%
1Willis Reed
67%
1Charles Barkley
56%
1Julius Erving
56%
1Nate Archibald
56%
1Paul Arizin
56%
1Rick Barry
56%
1Robert Parish
56%
1Steve Nash
56%
1Tim Duncan
56%
1Chris Paul
44%
1Dave Cowens
44%
1Giannis Antetokounmpo
44%
1Jerry Lucas
44%
1Kevin Durant
44%
1Hal Greer
33%
1James Harden
33%
1Nate Thurmond
33%
1Bill Sharman
22%

Score Distribution

Percentile by Number Answered

Percent of People with Each Score

Your Score History

You have not taken this quiz